000 00299nam a22001337a 4500
008 180914b xxu||||| |||| 00| 0 eng d
020 _a0824766644
041 _aeng
080 _a541
100 _a12
101 _aKIM
245 _aGLC and HPLC of Therapeutic Agents
_cTsuji, K
942 _2udc
_cBK
999 _c47768
_d47768